00475nam a2200181 a 4500001001300000003000900013005001700022008004100039020001000080082001500090100001900105245005200124260002800176300000900204500003500213650002600248700001900274nice12345678IN_TiNIC20260116014309.0070413s2002 lona grp 000 0 eng  ac30000a305.3bKIM aKimmel, Michel aMasculinties Matterbman, Gender and Devlopment aLondonbZed Booksc2002 a242p aincludes index and biblioraphy aGender Discrimination1 aKimmel, Michel